Представление документа в формате MARC21

Поле Инд. ПП Название Значение
Тип записи a
Библиографический уровень m
001 Контрольный номер 9f7d734de2d6499785c46f15cfaeccfb
005 Дата корректировки 20200417175820.9
008 Кодируемые данные 200218|||||||||ru |||||||||||||||||rus||
020 a ISBN 978-5-203080-29-5
041 0_ a Код языка текста rus
084 a Индекс другой классификации/Индекс ББК 39.42-082+39.42-082.022
090 a Полочн. индекс 39.42-082
x Авторский знак Э 41
203 a Вид содержания Текст
c Тип средства непосредственное
245 10 a Заглавие Эксплуатация судов в полярных водах
b Продолж. заглавия учебное пособие
260 a Место издания Москва
b Издательство Моркнига
c Дата издания 2018
300 a Объем 275 с.
b Иллюстрации/ тип воспроизводства ил.
504 a Библиография Библиогр.: с. 275
520 0_ a Аннотация В работе рассматриваются вопросы, связанные с эксплуатацией судов в полярных водах: нормативно-организационное обеспечение плавания в полярных водах, характеристика ледовых условий плавания, эксплуатационные характеристики и ограничения судов ледового плавания, навигационное обеспечение, управление и маневрирование судов, ледокольное обеспечение, обеспечение безопасности судов и пассажиров, предотвращение загрязнения морской среды в полярных районах. Учебное пособие предназначено для системы дополнительного морского профессионального образования, а также может использоваться при подготовке судоводителей
650 04 a Основная рубрика Эксплуатация судов-Учебные издания для высших учебных заведений
653 0_ a Ключевые слова Айсберги
a Ключевые слова Безопасность мореплавания
a Ключевые слова Защита морской среды
a Ключевые слова Грузовые операции
a Ключевые слова Ледовое плавание
a Ключевые слова Маневрирование судна
a Ключевые слова Обеспечение безопасности мореплавания
a Ключевые слова Навигационное обеспечение
a Ключевые слова Суда ледового плавания
a Ключевые слова Управление судном
a Ключевые слова Эксплуатация судов
700 12 a Другие авторы Кулеш В. А.
700 12 a Другие авторы Лентарев А. А.
700 12 a Другие авторы Шарлай Г. Н.
700 12 a Другие авторы Мотрич В. Н.
700 12 a Другие авторы Монинец С. Ю.
900 a Имя макрообъекта Эксплуатация судов в полярных водах
901 t Тип документа m
952 c Вид литературы учебное пособие